[Event "A42"]
[Site "Cleanchess.com Lutsk UKR"]
[Date "2018.02.16"]
[Round "8.7"]
[White "Korol,D"]
[Black "Budnikov,O"]
[Result "0-1"]
[WhiteElo "2291"]
[BlackElo "2422"]

1.d4 g6 2.c4 Bg7 3.Nc3 d6 4.e4 e5 5.Be3 exd4 6.Bxd4 Nf6 7.Bd3 Nc6 8.Be3 Ng4
9.Bd2 Bd4 10.Nh3 Nge5 11.Be2 Bxh3 12.gxh3 Qh4 13.Rf1 Qxh3 14.Qb3 Nf3+ 15.Bxf3
Qxf3 16.Qxb7 Kd7 17.Nd5 Bb6 18.Be3 Rhb8 19.Qa6 Ba5+ 20.b4 Bxb4+ 21.Nxb4 Rxb4
22.c5 Rab8 23.cxd6 cxd6 24.Rc1 Ne5 25.Qxa7+ R8b7 {#R} 0-1

[Event "A43"]
[Site "Cleanchess.com Lutsk UKR"]
[Date "2018.02.17"]
[Round "5.3"]
[White "Mischuk,D"]
[Black "Bogdanovich,S"]
[Result "0-1"]
[WhiteElo "2383"]
[BlackElo "2560"]

1.e4 g6 2.d4 Bg7 3.Nc3 c5 4.d5 d6 5.Nf3 Nf6 6.h3 O-O 7.Bc4 b5 8.Nxb5 Nxe4
9.O-O Nd7 10.Qe2 Nef6 11.Bb3 a6 12.Na3 Nb6 13.c4 a5 14.Bc2 Re8 15.Rd1 e5
16.Bg5 Ba6 17.Nb5 a4 18.b3 axb3 19.axb3 Bxb5 20.Rxa8 Qxa8 21.cxb5 Nfxd5 22.Qe4
f5 23.Qh4 e4 24.Nd2 Nc3 25.Re1 Nxb5 26.Nc4 Nxc4 27.bxc4 Nd4 28.Bd1 Qa2 29.Bf6
Qxc4 30.Bxd4 cxd4 31.Qg3 Qc3 {#R} 0-1

[Event "A43"]
[Site "Cleanchess.com Wachtebeke BEL"]
[Date "2018.02.14"]
[Round "7.4"]
[White "Blom,V"]
[Black "Vuelban,V"]
[Result "1-0"]
[WhiteElo "2242"]
[BlackElo "2277"]

1.d4 c5 2.d5 e6 3.e4 g6 4.Nc3 a6 5.a4 Bg7 6.Nf3 Ne7 7.Bc4 O-O 8.O-O d6 9.dxe6
Bxe6 10.Nd5 Nbc6 11.Bg5 h6 12.Bh4 Rb8 13.c3 g5 14.Bg3 Ne5 15.Nxe5 dxe5 16.Ne3
Qb6 17.a5 Qc6 18.Qb3 Ng6 19.Bd5 Qc8 20.Bxe6 fxe6 21.Rfd1 Nf4 22.Rd6 Rf7
23.Rad1 Qc7 24.Qb6 Re7 25.Qxc7 Rxc7 26.Nc4 Re8 27.Bxf4 exf4 28.Rd7 Re7 29.Rd8+
Bf8 30.f3 Kg7 31.Kf2 Rf7 32.Ke2 Kf6 33.Rb8 Be7 34.Rg8 Rh7 35.Re8 Kf7 36.Rb8
Kf6 37.Nb6 c4 38.Rd7 Bc5 39.Rxh7 Rxh7 40.Nxc4 Bg1 41.h3 Rc7 42.e5+ Kg6 43.Kd3
Rd7+ 44.Nd6 Rc7 45.b4 Bf2 46.Rxb7 Rc6 47.c4 h5 48.Rb8 Be1 49.Rb6 Rc7 50.c5 g4
51.fxg4 hxg4 52.hxg4 Kg5 53.Ke2 Bxb4 54.Rxb4 {#r} 1-0

[Event "A43"]
[Site "Cleanchess.com Saint Louis USA"]
[Date "2018.02.13"]
[Round "9.5"]
[White "Turgut,T"]
[Black "Grabinsky,Aaron"]
[Result "1-0"]
[WhiteElo "2224"]
[BlackElo "2388"]

1.d4 c5 2.c3 Qc7 3.Nf3 Nf6 4.g3 b6 5.Bg2 Bb7 6.O-O g6 7.Re1 Bg7 8.Na3 d6
9.dxc5 bxc5 10.e4 Nfd7 11.Bg5 a6 12.Nc4 Nc6 13.Qd2 O-O 14.Rad1 Rfe8 15.Ne3 Qa5
16.Nd5 Rac8 17.a3 c4 18.Bh6 Bh8 19.Re2 e6 20.Ne3 Nce5 21.Nxe5 Nxe5 22.Qxd6 Ng4
23.Qf4 Nxh6 24.Qxh6 Bc6 25.Rd6 Bg7 26.Qh4 Qc5 27.Red2 g5 28.Qh5 Rb8 29.R6d4
Bxd4 30.cxd4 Qe7 31.Nxc4 Red8 32.e5 Bxg2 33.Kxg2 f6 34.exf6 Qxf6 35.Ne5 Rbc8
36.Rd3 Rf8 37.Rf3 Qg7 38.Qg4 Rf6 39.Rxf6 Qxf6 40.Qe2 Qf5 41.Qe3 Rc2 42.b4 Ra2
43.h3 h6 44.Nf3 Kg7 45.g4 Qd5 46.Kg3 Rb2 47.Nd2 Rc2 48.Ne4 Rc4 49.Nc5 Kf6
50.Qd3 Qd6+ 51.Kg2 Rxd4 52.Qh7 Ke5 53.Qxh6 Qe7 54.Qh8+ Kd5 55.Qa8+ Ke5 56.Qxa6
Qe8 57.Qe2+ Kf6 58.Ne4+ Kg6 59.Nc5 e5 60.Qa6+ Kh7 61.Ne4 Qe7 62.Ng3 Rd6 63.Qe2
Rd4 64.Qc2+ Kh8 65.Qc8+ Rd8 66.Qc6 Rd6 67.Qa8+ Rd8 68.Qe4 Rd4 69.Qe3 Rf4
70.Kh2 Qc7 71.Ne4 Qc2 72.Nd2 e4 73.Qd4+ Kg8 74.Qd8+ Kf7 75.Qd7+ Kf6 76.Qd6+
Kf7 77.Kg2 Qc3 78.b5 e3 79.Qd7+ Kf8 80.Qd8+ Kf7 81.Qd5+ Kf8 82.Ne4 exf2
83.Qd6+ Ke8 84.Qxf4 {#r} 1-0

[Event "A45"]
[Site "Cleanchess.com Lutsk UKR"]
[Date "2018.02.17"]
[Round "2.3"]
[White "Stupak,K"]
[Black "Kyrychenko,Maryan"]
[Result "1-0"]
[WhiteElo "2559"]
[BlackElo "2270"]

1.d4 Nf6 2.g3 d6 3.Nf3 Bf5 4.c4 e6 5.Nc3 c6 6.Bg2 h6 7.O-O Nbd7 8.Qb3 Qb6
9.Re1 Qxb3 10.axb3 Ne4 11.b4 g5 12.Nd2 Nxd2 13.Bxd2 Bg7 14.e4 Bg6 15.Be3 {#r}
1-0

[Event "A45"]
[Site "Cleanchess.com   INT"]
[Date "2018.02.14"]
[Round "6"]
[White "Bortnyk,Olexandr"]
[Black "Mikhalevski,V"]
[Result "1-0"]
[WhiteElo "2610"]
[BlackElo "2538"]

1.d4 Nf6 2.Nc3 d5 3.Bf4 g6 4.e3 Bg7 5.h4 a6 6.h5 Nxh5 7.Rxh5 gxh5 8.Qxh5 e6
9.Qh2 Nc6 10.Bxc7 Qd7 11.Nf3 b5 12.Qg3 Bf6 13.e4 Nxd4 14.Nxd4 Bxd4 15.O-O-O
Bxf2 16.Qxf2 Qxc7 17.exd5 Qe5 18.Re1 Qg5+ 19.Kb1 f5 20.dxe6 O-O 21.a4 Re8
22.axb5 axb5 23.Bxb5 Re7 24.Bc4 Kg7 25.Qd4+ Kg6 26.g4 {#r} 1-0

[Event "A45"]
[Site "Cleanchess.com Newcastle ENG"]
[Date "2018.02.15"]
[Round "2.11"]
[White "Derakhshani,Borna"]
[Black "Townsend,M"]
[Result "1-0"]
[WhiteElo "2317"]
[BlackElo "2214"]

1.d4 Nf6 2.Bf4 d5 3.e3 e6 4.Bd3 Bd6 5.Bg3 O-O 6.Nd2 c5 7.c3 b6 8.Ngf3 Ba6
9.Bxa6 Nxa6 10.Qe2 Nb8 11.Rd1 Nc6 12.Bh4 Be7 13.O-O Qc7 14.Bg3 Bd6 15.Bxd6
Qxd6 16.e4 Qe7 17.dxc5 Qxc5 18.e5 Nd7 19.Nb3 Qe7 20.Nbd4 Nxd4 21.Nxd4 Rac8
22.f4 Nc5 23.f5 exf5 24.Nxf5 Qe6 25.b4 Ne4 26.Qg4 g6 27.Nh6+ Kg7 28.Rxf7+ {#r}
1-0

[Event "A45"]
[Site "Cleanchess.com   INT"]
[Date "2018.02.14"]
[Round "6"]
[White "Ansell,S"]
[Black "Cooper,L"]
[Result "0-1"]
[WhiteElo "2340"]
[BlackElo "2347"]

1.d4 Nf6 2.Bf4 c5 3.e3 g6 4.Nf3 Bg7 5.c3 b6 6.Nbd2 Bb7 7.Bd3 O-O 8.O-O d6
9.Qe2 Nbd7 10.h3 a6 11.a4 Re8 12.Bh2 cxd4 13.cxd4 e5 14.dxe5 Nxe5 15.Nxe5 dxe5
16.Rfd1 Qd5 17.e4 Qc5 18.Rac1 Qb4 19.Rc4 Qxb2 20.Rb1 Qa3 21.Rxb6 Rad8 22.Rb3
Qd6 23.Nf1 Bc8 24.Rxc8 Rxc8 25.Bxa6 Rc1 26.Qb2 Qxa6 27.Qxc1 Qxa4 28.Qb2 Nxe4
29.Rb8 Nd6 30.Ne3 h6 31.Rxe8+ Qxe8 32.Ng4 h5 33.Bxe5 Nc4 34.Bxg7 Qe1+ 35.Kh2
Nxb2 {#R} 0-1

[Event "A45"]
[Site "Cleanchess.com Skara SWE"]
[Date "2018.02.18"]
[Round "3.2"]
[White "Bellon Lopez,JuM"]
[Black "Svensson,S"]
[Result "1-0"]
[WhiteElo "2322"]
[BlackElo "2207"]

1.d4 Nf6 2.Bg5 d5 3.Bxf6 gxf6 4.e3 c5 5.Nc3 Nc6 6.Bb5 e6 7.Qh5 cxd4 8.exd4 Bd7
9.Nge2 f5 10.O-O-O Qf6 11.f4 O-O-O 12.Kb1 Bb4 13.Qf3 Kb8 14.a3 Bd6 15.Bxc6
Bxc6 16.g3 Rc8 17.Nc1 h5 18.h4 Qg6 19.Nd3 Rhg8 20.Rhg1 Bd7 21.Ne5 Bxe5 22.dxe5
Rc4 23.b3 Rc7 24.Ne2 Rgc8 25.Nd4 Qh6 26.Kb2 f6 27.Rge1 Rg8 28.Rd3 Bc8 29.Qe3
a6 30.Rc3 Rxc3 31.Qxc3 fxe5 32.Rxe5 Rg6 33.Qc5 Qg7 34.Re3 Rxg3 35.Qd6+ Ka8
36.Rxg3 Qxg3 37.Qd8 Kb8 38.Nxe6 {#r} 1-0

[Event "A45"]
[Site "Cleanchess.com   INT"]
[Date "2018.02.14"]
[Round "6"]
[White "Barbosa,O PHI"]
[Black "Perez,Max"]
[Result "1-0"]
[WhiteElo "2545"]
[BlackElo "2399"]

1.d4 Nf6 2.Bg5 c5 3.d5 Ne4 4.Bf4 Qb6 5.Nd2 Nxd2 6.Bxd2 e5 7.e4 d6 8.a4 g6 9.h4
Nd7 10.h5 Bg7 11.a5 Qd8 12.Ne2 Nf6 13.Ng3 O-O 14.Be2 Ne8 15.Bd3 Rb8 16.Qc1 f6
17.hxg6 hxg6 18.Bh6 Bd7 19.f4 exf4 20.Qxf4 Qe7 21.Bxg7 Nxg7 22.Kd2 Qe5 23.Ne2
Rbe8 24.Raf1 Nh5 25.Qe3 Bg4 26.Nf4 Nxf4 27.Rxf4 f5 28.Rff1 f4 29.Qg1 c4
30.Bxc4 Qxe4 31.Bd3 Qxd5 32.Kc1 Qe6 33.Kb1 d5 34.Qh2 Bh5 35.Rxf4 Rxf4 36.Qxf4
Qf7 37.Qg5 d4 38.b3 Kh8 39.Rxh5+ gxh5 40.Qh6+ Kg8 41.Bc4 {#r} 1-0

[Event "A45"]
[Site "Cleanchess.com Lutsk UKR"]
[Date "2018.02.18"]
[Round "8.1"]
[White "Mirzoev,E"]
[Black "Bernadskiy,V"]
[Result "0-1"]
[WhiteElo "2405"]
[BlackElo "2588"]

1.d4 Nf6 2.Bg5 Ne4 3.Bf4 d5 4.e3 Bf5 5.f3 Nf6 6.Nc3 e6 7.g4 Bg6 8.h4 h6 9.Bd3
Bxd3 10.cxd3 Bd6 11.Nge2 a6 12.Qb3 b5 13.a4 b4 14.Na2 a5 15.Qc2 Ra6 16.Nac1
Nbd7 17.Nb3 h5 18.g5 Ng8 19.Bxd6 cxd6 20.g6 fxg6 21.Nf4 Kf7 22.O-O-O Ne7
23.Kb1 e5 24.Nh3 Re8 25.Rhg1 Qc8 26.Qg2 Qc6 27.Ng5+ Kg8 28.Qh3 Nf8 29.dxe5
Qxa4 30.exd6 Qxb3 31.dxe7 Rxe7 32.Qc8 Raa7 33.Rd2 Rxe3 34.Rc1 Rae7 35.Qc2
Qxc2+ 36.Kxc2 Rc7+ 37.Kd1 Rxc1+ 38.Kxc1 Nh7 39.Rg2 Nxg5 40.Rxg5 Rxd3 41.Kc2
Rxf3 42.Rxd5 Rf5 {#R} 0-1

[Event "A45"]
[Site "Cleanchess.com   INT"]
[Date "2018.02.14"]
[Round "6"]
[White "Nemcova,Kat"]
[Black "Flores Rios,M"]
[Result "0-1"]
[WhiteElo "2315"]
[BlackElo "2529"]

1.d4 Nf6 2.Bf4 g6 3.Nc3 Bg7 4.e4 O-O 5.Be2 c5 6.e5 Ne8 7.d5 d6 8.Nf3 Bg4
9.exd6 exd6 10.O-O Nd7 11.h3 Bxf3 12.Bxf3 Be5 13.Qd2 Bxf4 14.Qxf4 Ne5 15.Ne4
f5 16.Ng5 Ng7 17.Rad1 Qf6 18.Ne6 Rf7 19.Rfe1 Re8 20.b3 Rfe7 21.Kf1 b6 22.Re3
b5 23.a4 Nxe6 24.dxe6 g5 25.Qh2 f4 26.Rxe5 Qxe5 27.h4 Rxe6 28.g4 fxg3 29.Qxg3
Qxg3 30.fxg3 Rf6 31.Kg2 gxh4 32.gxh4 b4 33.a5 Ref8 34.Bd5+ Kg7 35.Be4 Re8
36.Bd3 Re3 37.a6 Kh6 38.Rh1 Rf4 39.h5 Re5 40.Kg3 Rf6 41.Rh4 Rg5+ 42.Kh3 Rf3+
43.Kh2 Rxd3 44.cxd3 Rxh5 {#R} 0-1

[Event "A45"]
[Site "Cleanchess.com Lutsk UKR"]
[Date "2018.02.16"]
[Round "14.8"]
[White "Buksa,N"]
[Black "Matviishen,Viktor"]
[Result "1-0"]
[WhiteElo "2357"]
[BlackElo "2439"]

1.d4 Nf6 2.Nc3 d5 3.Bf4 c5 4.e3 a6 5.dxc5 Nc6 6.a3 e5 7.Bg5 Be6 8.b4 Be7 9.Nf3
d4 10.Bxf6 Bxf6 11.Ne4 O-O 12.Nxf6+ Qxf6 13.Bd3 dxe3 14.fxe3 Rad8 15.e4 Nd4
16.O-O Nxf3+ 17.Rxf3 Qe7 18.Qe1 a5 19.Qe3 axb4 20.axb4 Ra8 21.Rff1 Qd7 22.h3
f6 23.Kh2 Ra4 24.Qd2 Rfa8 25.Qc3 Qd4 26.Qxd4 exd4 27.Rxa4 Rxa4 28.b5 Kf7 29.e5
Ke7 30.exf6+ gxf6 31.Bxh7 Rc4 32.c6 bxc6 33.Bd3 Rb4 34.bxc6 Rb6 35.Rf4 Rxc6
36.Rxd4 Rc5 37.h4 Kf7 38.g4 Re5 39.Kg3 Re1 40.Bc4 Rg1+ 41.Kf3 Bxc4 42.Rxc4 Ke6
43.Re4+ Kd5 44.c4+ Kc5 45.Rf4 {#r} 1-0

[Event "A45"]
[Site "Cleanchess.com Israel ISR"]
[Date "2018.02.16"]
[Round "7.6"]
[White "Psakhis,L"]
[Black "Tifferet,Shaked"]
[Result "1-0"]
[WhiteElo "2475"]
[BlackElo "2294"]

1.d4 Nf6 2.Bf4 b6 3.e3 Bb7 4.Nf3 g6 5.c4 Bg7 6.Nc3 O-O 7.Be2 d6 8.O-O Nbd7
9.Qc2 a6 10.e4 Qe8 11.d5 e5 12.Bd2 Nh5 13.g3 Qe7 14.Ne1 Bc8 15.Bxh5 gxh5
16.Qd1 f5 17.Qxh5 f4 18.Ng2 Nf6 19.Qe2 Bh3 20.gxf4 exf4 21.Nxf4 Bxf1 22.Rxf1
Nd7 23.Ne6 Rf6 24.f4 Rxe6 25.dxe6 Qxe6 26.Nd5 Re8 27.Re1 Nc5 28.Nxc7 Qg6+
29.Qg2 Bd4+ 30.Kf1 Qxg2+ 31.Kxg2 Rxe4 32.b4 Rxe1 33.Bxe1 Nd3 34.Bd2 Nb2
35.Nxa6 Nxc4 36.Bc1 Bc3 37.Kf3 d5 38.a3 Nd6 39.Nc7 d4 40.Nd5 b5 41.Nxc3 dxc3
42.Ke3 Kf7 43.Kd3 Ke6 44.Kxc3 Nf5 45.a4 bxa4 46.b5 Kd5 {#r} 1-0

[Event "A45"]
[Site "Cleanchess.com Newcastle ENG"]
[Date "2018.02.15"]
[Round "3.10"]
[White "Storey,Ch"]
[Black "Derakhshani,Borna"]
[Result "0-1"]
[WhiteElo "2262"]
[BlackElo "2317"]

1.d4 Nf6 2.Bf4 d5 3.e3 c5 4.c3 Nc6 5.Nd2 e6 6.Bd3 Bd6 7.Bxd6 Qxd6 8.f4 cxd4
9.cxd4 Qb4 10.Qb1 Ng4 11.a3 Qb6 12.Nf1 Na5 13.h3 Nf6 14.Nd2 Nb3 15.Nxb3 Qxb3
16.Ne2 Bd7 17.Nc3 O-O 18.O-O Ne4 19.Bxe4 dxe4 20.Rf2 Bc6 21.f5 exf5 22.Rxf5
Rae8 23.Rf2 f5 24.g3 Qb6 25.Qa2+ Kh8 26.Raf1 Bd7 27.Qa1 Qh6 28.Qe1 Qxh3 29.Rg2
Qg4 30.Rf4 Qg6 31.Qf2 Rf6 32.Rh4 h6 33.Qf4 Qf7 34.d5 Kg8 35.Qc7 Bc8 36.Qc4 Rd8
37.Rd2 b6 38.Rhh2 Rg6 39.Rhg2 Bb7 40.Rd4 Rgd6 41.Qf1 h5 42.Qf4 Qg6 43.Qh4 Qf7
44.Qxh5 Rh6 45.Qe2 Rh3 46.Qc4 Rc8 47.Qe2 Qg6 48.Kf2 Rf8 49.Rd1 f4 50.exf4
Rxf4+ 51.Kg1 Rxg3 52.Nxe4 Rxg2+ 53.Qxg2 Qxg2+ 54.Kxg2 Rxe4 {#R} 0-1

[Event "A45"]
[Site "Cleanchess.com Newcastle ENG"]
[Date "2018.02.16"]
[Round "4.4"]
[White "Derakhshani,Borna"]
[Black "Hebden,M"]
[Result "0-1"]
[WhiteElo "2317"]
[BlackElo "2454"]

1.d4 Nf6 2.Bf4 c5 3.e3 g6 4.c3 Bg7 5.Nf3 Qb6 6.Qb3 d6 7.Nbd2 O-O 8.h3 Nfd7
9.Bg5 Qd8 10.Rd1 Nc6 11.Ne4 cxd4 12.exd4 h6 13.Bh4 Nb6 14.d5 Nb8 15.Nd4 N8d7
16.Be2 Nc5 17.Nxc5 dxc5 18.Nb5 Bd7 19.c4 Bxb5 20.Qxb5 Qd6 21.O-O Be5 22.Qb3
Nc8 23.Kh1 Qc7 24.Qe3 Bf4 25.Qf3 Be5 26.Qe3 Kg7 27.f4 Bf6 28.Bg3 Nd6 29.f5 g5
30.Be5 b6 31.Rf3 Qd7 32.Bd3 Rh8 33.h4 Rag8 34.Re1 Kf8 35.b4 cxb4 36.Bxf6 exf6
37.Qd4 Kg7 38.hxg5 hxg5+ 39.Kg1 Rh4 40.Qb2 Qc7 41.Qxb4 a5 42.Qb2 Rgh8 43.Kf2
Qc5+ 44.Ree3 Nxc4 45.Bxc4 Rxc4 46.Qb3 Rc2+ 47.Kg1 Rc1+ 48.Kf2 Rhh1 49.Qa3 Qd4
50.Qd3 Qh4+ 51.Rg3 Rhd1 52.Qb3 Rd2+ 53.Re2 Qd4+ 54.Qe3 Rxe2+ {#R} 0-1

[Event "A45"]
[Site "Cleanchess.com   INT"]
[Date "2018.02.14"]
[Round "6"]
[White "Ansell,S"]
[Black "Le Roux,JP"]
[Result "0-1"]
[WhiteElo "2340"]
[BlackElo "2554"]

1.d4 Nf6 2.Bf4 c5 3.e3 g6 4.Nc3 Bg7 5.h4 Qa5 6.Qd2 d6 7.Bb5+ Bd7 8.Bxd7+ Nbxd7
9.Nf3 Rc8 10.O-O O-O 11.a4 Rfe8 12.Rfd1 cxd4 13.exd4 Nb6 14.Qe2 Qf5 15.Bg5 Nc4
16.Rab1 Nxb2 17.Rxb2 Rxc3 18.Bxf6 Bxf6 19.Rxb7 Rxc2 20.Qb5 Qxb5 21.axb5 Rb2
22.Rc1 Rb4 23.Rcc7 h5 24.g3 Rb2 25.Kg2 Kf8 26.Rc4 Ra8 27.Ra4 Rc8 28.Ne1 Rc3
29.Rbxa7 Rxb5 30.Ra8+ Kg7 31.Nf3 Rb2 32.Ra2 Rxa2 33.Rxa2 e6 34.Ra6 d5 35.Ra2
Rc4 36.Rd2 Kf8 37.Kf1 Ra4 38.Ke2 Bd8 39.Ke3 Bc7 40.Rc2 Bd6 41.Rc8+ Ke7 42.Rc2
Ra3+ 43.Ke2 f6 44.Rd2 Ra5 45.Rb2 Ra7 46.Rd2 Rd7 47.Ra2 Bc7 48.Ra6 Rd6 49.Ra7
Kd7 50.Kd3 Rb6 51.Ra3 Rb2 52.Ke3 e5 53.dxe5 fxe5 54.Ra7 Rb3+ 55.Ke2 Kd6 56.Nd2
Rb2 57.Ra6+ Bb6 58.Kd3 e4+ 59.Kc3 Rb5 60.Nb3 Kc7 61.Nd4 Rc5+ 62.Kb3 Rc4 63.Nc2
Bxf2 64.Rxg6 e3 65.Re6 Re4 66.Rxe4 dxe4 67.Nd4 Bxg3 68.Kc4 Be5 69.Ne2 Kd6 {#R}
0-1

[Event "A45"]
[Site "Cleanchess.com   INT"]
[Date "2018.02.14"]
[Round "6"]
[White "Lopez,Ja"]
[Black "Lenic,L"]
[Result "0-1"]
[WhiteElo "2316"]
[BlackElo "2662"]

1.d4 Nf6 2.Bf4 e6 3.e3 b6 4.Bd3 Bb7 5.Nf3 Be7 6.Nbd2 Nh5 7.Bg3 d6 8.e4 Nd7
9.Qe2 a6 10.O-O O-O 11.Rfe1 g6 12.Rad1 Bf6 13.e5 Nxg3 14.hxg3 Bg7 15.g4 Qe7
16.Qe3 Rfd8 17.c3 b5 18.g5 dxe5 19.dxe5 Nxe5 20.Nxe5 Bxe5 21.Bxg6 hxg6 22.Qxe5
Rd5 23.Qe2 Qxg5 24.Nf3 Qg4 25.Nd4 Rxd4 26.f3 Bxf3 27.Qxf3 Qxf3 28.gxf3 Rxd1
29.Rxd1 Kf8 30.Kf2 Ke7 31.Ke3 Rh8 32.Rd2 e5 33.b4 Rh4 34.a4 Rc4 35.Kd3 c5
36.axb5 axb5 37.bxc5 Rxc5 38.Ra2 Rd5+ 39.Ke4 Ke6 40.Ra6+ Rd6 41.Ra8 f5+ 42.Ke3
Kd5 43.Re8 Re6 44.Rd8+ Kc5 45.Rc8+ Rc6 46.Re8 Kd5 47.Rd8+ Kc4 48.Kd2 Rc5
49.Kc2 Rc6 50.Kd2 Kc5 51.Ke3 Re6 52.Rc8+ Kd6 53.Rb8 Kc6 54.Rd8 e4 55.f4 Rd6
56.Rc8+ Kb7 57.Rc5 Kb6 58.Rc8 Rd3+ 59.Ke2 Rf3 60.Rg8 Rxf4 61.Rxg6+ Kc5 62.Rg8
Rf3 63.Rc8+ Kd5 64.Rb8 Rxc3 65.Rxb5+ Rc5 66.Rb8 Ke5 67.Rb3 Ra5 68.Rb2 f4
69.Kf2 Kf5 70.Kg2 Kg4 71.Kh2 f3 72.Rc2 Kf4 73.Rb2 Ra4 74.Kh3 e3 75.Rb8 e2
76.Re8 Re4 {#R} 0-1

[Event "A46"]
[Site "Cleanchess.com Lutsk UKR"]
[Date "2018.02.16"]
[Round "9.2"]
[White "Bordovsky,Vladimir"]
[Black "Simantsev,M"]
[Result "1-0"]
[WhiteElo "2326"]
[BlackElo "2486"]

1.Nf3 Nf6 2.d4 e6 3.e3 c5 4.Bd3 b6 5.O-O Bb7 6.Nbd2 Nc6 7.c3 d5 8.Ne5 Nxe5
9.dxe5 Nd7 10.f4 Be7 11.e4 c4 12.Bc2 Nc5 13.Qg4 g6 14.f5 h5 15.Qh3 dxe4
16.fxe6 Nxe6 17.Ba4+ Kf8 18.Qxe6 Rh7 19.Qxg6 Rg7 20.Qxh5 Bc5+ 21.Kh1 e3 22.Nf3
e2 23.Re1 Qd3 24.Bh6 {#r} 1-0

[Event "A46"]
[Site "Cleanchess.com Lutsk UKR"]
[Date "2018.02.16"]
[Round "5.6"]
[White "Gayun,Dmytro"]
[Black "Mirzoev,E"]
[Result "0-1"]
[WhiteElo "2263"]
[BlackElo "2405"]

1.Nf3 Nf6 2.d4 d6 3.c4 g6 4.Nc3 Bf5 5.Nh4 Bd7 6.e4 e5 7.Nf3 exd4 8.Nxd4 Bg7
9.f3 Nc6 10.Be3 O-O 11.Be2 Re8 12.O-O Nh5 13.Nxc6 bxc6 14.Qd2 a5 15.Rad1 a4
16.c5 Bf8 17.Bc4 Be6 18.Bxe6 Rxe6 19.Qd4 a3 20.b3 Qb8 21.Qc4 Nf6 22.cxd6 cxd6
23.Qxc6 d5 24.Qb5 dxe4 25.Qxb8 Rxb8 26.Bd4 exf3 27.Rxf3 Ne4 28.Re1 Rbe8
29.Rfe3 f5 30.Nd5 Rd8 31.Nf4 Rc6 32.Ne2 Rc2 33.Bb6 Rd6 34.Ba5 Rxa2 35.Nc3 Nxc3
36.Bxc3 {#R} 0-1

[Event "A46"]
[Site "Cleanchess.com   INT"]
[Date "2018.02.14"]
[Round "6"]
[White "Mamedyarov,S"]
[Black "Ju Wenjun"]
[Result "1-0"]
[WhiteElo "2804"]
[BlackElo "2572"]

1.d4 Nf6 2.Nf3 e6 3.e3 b6 4.Bd3 Bb7 5.O-O d5 6.b3 Be7 7.Bb2 O-O 8.Nbd2 c5
9.Qe2 Nbd7 10.c4 cxd4 11.exd4 Re8 12.Rac1 Rc8 13.Rfd1 Bf8 14.Ne5 dxc4 15.bxc4
Nxe5 16.dxe5 Nd7 17.Be4 Qc7 18.Bxb7 Qxb7 19.Ne4 Nc5 20.Nd6 Bxd6 21.exd6 f6
22.Bd4 Nd7 23.h4 Qc6 24.h5 Rcd8 25.Bb2 e5 26.Rd5 Nc5 27.Rcd1 Re6 28.Qd2 Ne4
29.Qc2 Nc5 30.Qd2 Ne4 31.Qe3 Nc5 32.f4 Rexd6 33.fxe5 Rxd5 34.cxd5 Rxd5 35.Rf1
Qe6 36.h6 g6 37.Qa3 a5 38.Rxf6 Rd1+ 39.Kh2 Qg4 40.Qh3 Qxh3+ 41.Kxh3 Rd2
42.Rxb6 Kf7 43.g3 Ne6 44.Rb7+ Kg8 45.a4 Rc2 46.Re7 Rxb2 47.Rxe6 Kf7 48.Rf6+
Ke7 49.Ra6 {#r} 1-0

[Event "A46"]
[Site "Cleanchess.com   INT"]
[Date "2018.02.14"]
[Round "6"]
[White "Petrosyan,M"]
[Black "Romanov,E"]
[Result "0-1"]
[WhiteElo "2570"]
[BlackElo "2617"]

1.d4 Nf6 2.Nf3 d6 3.c4 Bg4 4.Qb3 Qc8 5.Nbd2 g6 6.h3 Bf5 7.g4 Bd7 8.Bg2 Bg7
9.Nf1 Nc6 10.Ng3 h5 11.g5 Nh7 12.d5 Na5 13.Qd3 b5 14.cxb5 a6 15.a4 axb5
16.axb5 O-O 17.h4 Qb7 18.O-O Qxb5 19.Qxb5 Bxb5 20.Be3 Nb3 21.Ra3 Rxa3 22.bxa3
Ra8 23.Rb1 Rxa3 24.Nd2 Ra1 25.Rxa1 Nxa1 26.Ba7 Be5 27.Ndf1 f6 28.gxf6 Nxf6
29.Bb8 Ne8 30.e3 Bf6 31.Nd2 Bxh4 32.Nge4 Nc2 33.Nf3 Bf6 34.Nxf6+ exf6 35.Nh4
Bd3 36.Bh3 Nb4 37.Bd7 Kf8 38.Bxe8 Kxe8 39.Bxc7 Kd7 40.Bb6 Nxd5 41.Bd4 Ke6
42.f3 g5 43.Ng2 h4 44.Kf2 Ne7 45.e4 Ng6 46.Ne3 Ne5 47.Bc3 Ba6 48.Nf5 Bc4
49.Nd4+ Kf7 50.Nf5 d5 51.Ne3 Ke6 52.exd5+ Bxd5 53.Bxe5 Kxe5 54.f4+ gxf4
55.Ng4+ Kf5 56.Nh2 h3 57.Nf1 Bg2 58.Nh2 Kg5 59.Kg1 Kh4 60.Kf2 f5 61.Kg1 Kg3
62.Ng4 Kxg4 63.Kf2 {#R} 0-1

[Event "A46"]
[Site "Cleanchess.com   INT"]
[Date "2018.02.14"]
[Round "6"]
[White "Nagle,S"]
[Black "Le Quang Liem"]
[Result "0-1"]
[WhiteElo "2432"]
[BlackElo "2737"]

1.Nf3 c5 2.c3 Nf6 3.d4 e6 4.Bf4 b6 5.e3 Bb7 6.Bd3 Be7 7.O-O O-O 8.h3 d5 9.Nbd2
Nbd7 10.Ne5 Rc8 11.Qf3 Nxe5 12.Bxe5 Nd7 13.Bh2 f5 14.Qe2 c4 15.Bc2 b5 16.a3
Qb6 17.Kh1 a5 18.f3 Bd6 19.e4 Bxh2 20.Kxh2 e5 21.exd5 exd4 22.Qe6+ Qxe6
23.dxe6 Nc5 24.e7 Rf6 25.cxd4 Ne6 26.Rae1 Kf7 27.d5 Nd4 28.Bb1 Bxd5 29.Re5 Be6
30.Rd1 Kxe7 31.Nf1 Rd8 32.Ne3 f4 33.Rxd4 Rxd4 34.Nf5+ Rxf5 35.Bxf5 Kf6
36.Rxe6+ Kxf5 37.Rb6 Rd5 38.Rc6 a4 39.h4 Ke5 40.Kh3 Kd4 41.Kg4 Kd3 42.Kxf4 Kc2
43.Ke4 Rh5 44.g4 Rxh4 45.Rb6 Kxb2 46.Rxb5+ Kxa3 47.Kd4 Rh3 48.Rf5 Kb3 49.Rb5+
Kc2 50.Rf5 c3 51.Ke3 a3 52.Ra5 Kb3 53.Rb5+ Kc4 54.Ra5 Kb4 55.Ra8 Rh1 56.Rb8+
Kc4 57.Rc8+ Kb3 58.Rb8+ Kc2 59.Ra8 Re1+ 60.Kd4 Kd2 61.Rxa3 c2 62.Rd3+ Ke2
63.Rc3 c1=Q 64.Rxc1 Rxc1 65.f4 Kf3 {#R} 0-1

[Event "A48"]
[Site "Cleanchess.com Lutsk UKR"]
[Date "2018.02.16"]
[Round "3.4"]
[White "Razin,V"]
[Black "Korol,D"]
[Result "1-0"]
[WhiteElo "2379"]
[BlackElo "2291"]

1.d4 Nf6 2.Nf3 g6 3.Bg5 c5 4.c3 Qb6 5.Qb3 Bg7 6.Nbd2 O-O 7.Qxb6 axb6 8.Nc4 Ra6
9.e3 d6 10.Be2 Be6 11.O-O Nbd7 12.Rfd1 Ra4 13.b3 Raa8 14.a4 Rfc8 15.Rac1 Kf8
16.h3 Ne4 17.d5 Nxc3 18.Rxc3 Bxc3 19.dxe6 fxe6 20.e4 e5 21.Ne3 e6 22.Rxd6 Rc7
23.Bb5 Nb8 24.Rd8+ Kf7 25.Nc4 {#r} 1-0

[Event "A48"]
[Site "Cleanchess.com Newcastle ENG"]
[Date "2018.02.16"]
[Round "4.7"]
[White "Greet,A"]
[Black "Abdulla,Murad"]
[Result "0-1"]
[WhiteElo "2458"]
[BlackElo "2260"]

1.d4 Nf6 2.Nf3 g6 3.Nbd2 c5 4.c3 d6 5.dxc5 dxc5 6.e4 Bg7 7.Bc4 O-O 8.O-O Qc7
9.Re1 Nc6 10.h3 e6 11.Bf1 Rd8 12.Qc2 b6 13.Nc4 b5 14.Ne3 a6 15.a4 Rb8 16.axb5
axb5 17.Ng4 Nxg4 18.hxg4 Ne5 19.Nxe5 Bxe5 20.Be3 c4 21.g3 Bb7 22.f4 Bd6
23.Rad1 e5 24.f5 Bc5 25.Qf2 Rxd1 26.Rxd1 Bxe3 27.Qxe3 Rd8 28.Rxd8+ Qxd8 29.g5
Qd6 30.fxg6 hxg6 31.Be2 Bc8 32.Kf2 Be6 33.Ke1 Qa6 34.Kd1 Qa1+ 35.Kc2 Qe1
36.Qf3 Bd7 37.b3 cxb3+ 38.Kb2 Be6 39.Qd3 Kh7 40.Qd1 Qf2 41.Qh1+ Kg7 42.Qf3 Qe1
43.Bd3 Qd2+ 44.Ka3 Qxc3 45.Be2 b4+ {#R} 0-1

[Event "A48"]
[Site "Cleanchess.com   INT"]
[Date "2018.02.14"]
[Round "6"]
[White "Gozzoli,Y"]
[Black "Agrest,I"]
[Result "1-0"]
[WhiteElo "2565"]
[BlackElo "2280"]

1.d4 Nf6 2.Nf3 g6 3.Bg5 Bg7 4.c3 O-O 5.Nbd2 d6 6.e4 Nbd7 7.Be2 e5 8.dxe5 Nxe5
9.Nxe5 dxe5 10.O-O Qe7 11.Qc2 h6 12.Bh4 b6 13.Rfe1 Bb7 14.Bf1 Rad8 15.b4 Rd7
16.Rad1 Rfd8 17.f3 g5 18.Bf2 h5 19.Nc4 Rxd1 20.Rxd1 Rxd1 21.Qxd1 Qd7 22.Qc1
Nh7 23.Ne3 Bf6 24.Nf5 Nf8 25.h4 Ne6 26.hxg5 Bxg5 27.Be3 Bxe3+ 28.Qxe3 Nf4
29.g3 Ne6 30.Qh6 Qd8 31.Qxh5 Qf6 32.Bc4 Bc8 33.Kg2 Bd7 34.a3 a5 35.Nh6+ Kf8
36.Ng4 Qg7 37.Qxe5 Qxe5 38.Nxe5 Ba4 39.Bxe6 fxe6 40.g4 Bc2 41.Kf2 Kg7 42.bxa5
bxa5 43.Ke3 a4 44.Kd4 Bd1 45.g5 Be2 46.Kc5 {#r} 1-0

[Event "A48"]
[Site "Cleanchess.com Israel ISR"]
[Date "2018.02.16"]
[Round "7.6"]
[White "Poleg,Dan"]
[Black "Parkhov,Yair"]
[Result "0-1"]
[WhiteElo "2255"]
[BlackElo "2372"]

1.d4 Nf6 2.Nf3 g6 3.Bg5 Bg7 4.Nbd2 d5 5.e3 O-O 6.Bd3 c5 7.c3 Qb6 8.Rb1 Nc6
9.O-O Re8 10.Bxf6 Bxf6 11.e4 Be6 12.e5 Bg7 13.dxc5 Qxc5 14.Re1 Qa5 15.Ra1 Qb6
16.Rb1 Rad8 17.Qa4 Qc7 18.Ng5 Nxe5 19.Nxe6 fxe6 20.Bf1 Rf8 21.Qh4 Rf5 22.f4 g5
23.fxg5 Rdf8 24.Kh1 Rf4 25.Qg3 Rg4 26.Qh3 Rxg5 27.Rxe5 Qxe5 28.Nf3 Qf5 29.Qxf5
Rgxf5 30.Bd3 Rxf3 31.gxf3 Rxf3 32.Bf1 Kf7 33.Re1 Rf2 34.Be2 e5 35.Rf1 Rxf1+
36.Bxf1 e4 37.Kg2 Ke6 38.Kf2 Ke5 39.Ke2 Kf4 40.Bh3 e5 41.Bc8 b6 42.h3 d4
43.Bg4 Bh6 44.c4 e3 45.Kd3 Bg7 46.b4 e4+ 47.Kc2 d3+ 48.Kd1 Kg3 {#R} 0-1